<?xml version="1.0" encoding="UTF-8"?><?xml-stylesheet type="text/xsl" href="static/style.xsl"?><OAI-PMH xmlns="http://www.openarchives.org/OAI/2.0/" xmlns:xsi="http://www.w3.org/2001/XMLSchema-instance" xsi:schemaLocation="http://www.openarchives.org/OAI/2.0/ http://www.openarchives.org/OAI/2.0/OAI-PMH.xsd"><responseDate>2026-04-17T09:17:52Z</responseDate><request verb="GetRecord" identifier="oai:riubu.ubu.es:10259/5472" metadataPrefix="marc">https://riubu.ubu.es/oai/request</request><GetRecord><record><header><identifier>oai:riubu.ubu.es:10259/5472</identifier><datestamp>2024-04-16T12:30:01Z</datestamp><setSpec>com_10259_4244</setSpec><setSpec>com_10259_5086</setSpec><setSpec>com_10259_2604</setSpec><setSpec>col_10259_4245</setSpec></header><metadata><record xmlns="http://www.loc.gov/MARC21/slim" xmlns:doc="http://www.lyncode.com/xoai" xmlns:xsi="http://www.w3.org/2001/XMLSchema-instance" xmlns:dcterms="http://purl.org/dc/terms/" xsi:schemaLocation="http://www.loc.gov/MARC21/slim http://www.loc.gov/standards/marcxml/schema/MARC21slim.xsd">
<leader>00925njm 22002777a 4500</leader>
<datafield tag="042" ind1=" " ind2=" ">
<subfield code="a">dc</subfield>
</datafield>
<datafield tag="720" ind1=" " ind2=" ">
<subfield code="a">Kashaninejad, Mansoore</subfield>
<subfield code="e">author</subfield>
</datafield>
<datafield tag="720" ind1=" " ind2=" ">
<subfield code="a">Sanz Díez, Mª Teresa</subfield>
<subfield code="e">author</subfield>
</datafield>
<datafield tag="720" ind1=" " ind2=" ">
<subfield code="a">Blanco Alcalde, Beatriz</subfield>
<subfield code="e">author</subfield>
</datafield>
<datafield tag="720" ind1=" " ind2=" ">
<subfield code="a">Beltrán Calvo, Sagrario</subfield>
<subfield code="e">author</subfield>
</datafield>
<datafield tag="720" ind1=" " ind2=" ">
<subfield code="a">Niknam, S. Mehdi</subfield>
<subfield code="e">author</subfield>
</datafield>
<datafield tag="260" ind1=" " ind2=" ">
<subfield code="c">2020-11</subfield>
</datafield>
<datafield tag="520" ind1=" " ind2=" ">
<subfield code="a">Valorization of olive leaves (OL) in a biorefinery context should include extraction of bioactive compounds, specially taking into account the high content of extractives of this by-product. Extraction of bioactive compounds from Spanish OL (cultivar “Serrana de Espadán”) was studied by conventional and ultrasound assisted extraction (UAE). Faster extraction was observed by UAE, although similar final extraction yield was reached by both technologies. The best extraction solvent was an 80% ethanol hydroalcoholic mixture at a ratio of 20 mL per gram of dried OL (DOL). At these conditions the highest content of oleuropein and luteolin-7-O-glucoside was determined as 31 ± 2 and 4.1 ± 0.2 mg/gDOL. The power law and the Weibull models fitted the total phenolic compounds extraction kinetics quite well. The major soluble carbohydrate was mannitol, with a content of 4.48 ± 0.09 mg/gDOL in the extract. The influence of OL source was also studied and it was concluded that the leaves collected as wastes from the factory presented the highest phenolic yield and antioxidant capacity.&#xd;
&#xd;
The optimum extract was freeze dried resulting in a solid power with more than 11% of oleuropein and 17% of mannitol. Antioxidant activity of the freeze-dried extract was preserved for two months.</subfield>
</datafield>
<datafield tag="024" ind2=" " ind1="8">
<subfield code="a">0960-3085</subfield>
</datafield>
<datafield tag="024" ind2=" " ind1="8">
<subfield code="a">http://hdl.handle.net/10259/5472</subfield>
</datafield>
<datafield tag="024" ind2=" " ind1="8">
<subfield code="a">10.1016/j.fbp.2020.08.015</subfield>
</datafield>
<datafield ind1=" " ind2=" " tag="653">
<subfield code="a">Olive leaves</subfield>
</datafield>
<datafield ind1=" " ind2=" " tag="653">
<subfield code="a">Phenolic compounds</subfield>
</datafield>
<datafield ind1=" " ind2=" " tag="653">
<subfield code="a">Oleuropein</subfield>
</datafield>
<datafield ind1=" " ind2=" " tag="653">
<subfield code="a">Mannitol</subfield>
</datafield>
<datafield ind1=" " ind2=" " tag="653">
<subfield code="a">Kinetic model</subfield>
</datafield>
<datafield ind1=" " ind2=" " tag="653">
<subfield code="a">Freeze-dried extract</subfield>
</datafield>
<datafield tag="245" ind1="0" ind2="0">
<subfield code="a">Freeze dried extract from olive leaves: Valorisation, extraction kinetics and extract characterization</subfield>
</datafield>
</record></metadata></record></GetRecord></OAI-PMH>